Guess The Brand! #40 - Statistics

General Stats
  • This quiz has been taken 42 times
  • The average score is 9 of 20
Answer Stats
Picture Answer % Correct
Lysol
81%
China
78%
Arm & Hammer
75%
Smokey
75%
Advil
72%
National Guard
64%
Peacock
58%
Temu
53%
DVD
50%
Marc Jacobs
50%
Butterball
47%
Wish
44%
Sabra
39%
Ardene
19%
Canadian Pacific Railway
19%
Ducks Unlimited
19%
Lorus
17%
Mac's
17%
Alltel
14%
Coinstar
14%
No matching quizzes found
Score Distribution
Percent of People with Each Score
Percentile by Number Answered
Your Score History
You have not taken this quiz